| 000 | 00687nam a2200193 i 4500 | ||
|---|---|---|---|
| 001 | 12434 | ||
| 003 | ES-MaACL | ||
| 005 | 20230906150318.0 | ||
| 008 | 921021s1989 sp ||||0| spa d | ||
| 020 | _a84-7483-530-5 | ||
| 080 | _a39(460)(0:77)(064.3) | ||
| 080 | _a77(460)"19" | ||
| 245 | 0 | 0 | _aPremios del Certamen Nacional de Fotografía sobre Artes y Tradiciones Populares 1988. |
| 260 |
_a[Madrid] : _bDirección General de Cooperación Cultural, _c[1989] |
||
| 300 |
_a143 p : _bil. col. y n ; _c28 cm. |
||
| 651 | 4 |
_aEspaña- _xUsos y costumbres- _vExposiciones. _9172707 |
|
| 710 | 1 |
_aEspaña. _bDirección General de Cooperación Cultural. _93723 |
|
| 852 |
_aES-MaACL _jL-19682 |
||
| 999 |
_c12434 _d12434 |
||